000 00444nam a22001457a 4500
005 20250603145942.0
008 250603b |||||||| |||| 00| 0 eng d
020 _a9781844741526
050 _aBV 2063
_b.W74 WRI
100 _aWRIGHT, CHRISTOPHER J.H
245 _aTHE MISSION OF GOD
_bUnlocking the Bible,s grand narrative
_cCHRISTOPHER J. H. WRIGHT
260 _aNOTTINGHAM
_bINTER-VARSITY PRESS
_cc2006
300 _a581p.;
942 _2lcc
_cBK
_n0
999 _c6219
_d6219